[Event "Cheliabinsk Kibizov Memorial 6th"]
[Site "Cheliabinsk"]
[Date "2011.06.27"]
[Round "4"]
[White "Matveev, Stanislav"]
[Black "Krotiuk, Daria"]
[Result "1-0"]
[WhiteElo "2203"]
[BlackElo "1906"]
[PlyCount "97"]
[EventDate "2011.06.24"]
[EventType "swiss"]
[EventRounds "9"]
[EventCountry "RUS"]
[SourceTitle "EXT 2022"]
[Source "ChessBase"]
[SourceDate "2021.10.06"]
[SourceVersion "1"]
[SourceVersionDate "2021.10.06"]
[SourceQuality "1"]

1. e4 c5 2. Nf3 Nc6 3. Bb5 g6 4. 0-0 Bg7 5. Re1 a6 6. Bf1 e5 7. Na3 Nge7 8. Nc4 d6 9. c3 b5 10. Ne3 0-0 11. a4 Rb8 12. axb5 axb5 13. d3 h6 14. Bd2 Be6 15. h3 Kh7 16. b4 cxb4 17. cxb4 f5 18. Bc3 Qb6 19. Ra3 Ra8 20. Qa1 Qb7 21. Be2 Rxa3 22. Qxa3 Ra8 23. Qc1 Ra4 24. Bd1 Ra8 25. Bc2 Qb6 26. Qd1 Ra3 27. Bb2 Ra2 28. Bc3 Ra3 29. Qd2 Ra2 30. Rb1 Qa7 31. Qd1 Qa3 32. Bb3 Bxb3 33. Rxb3 Qa4 34. exf5 gxf5 35. Nd2 d5 36. Bb2 d4 37. Nc2 Bf6 38. h4 Nd5 39. Qh5 Kg7 40. Qxf5 Bxh4 41. Qe6 Ncxb4 42. Nxb4 Nxb4 43. Qxe5+ Bf6 44. Qc7+ Kg6 45. Qd6 Na6 46. Ne4 Qxb3 47. Qxf6+ Kh7 48. Qf5+ Kg7 49. Bxd4+ 1-0

[Event "UrFO-ch op"]
[Site "Cheliabinsk"]
[Date "2011.03.26"]
[Round "9"]
[White "Matveev, Stanislav"]
[Black "Polosin, Evgeny"]
[Result "1/2-1/2"]
[WhiteElo "2186"]
[BlackElo "1933"]
[PlyCount "145"]
[EventDate "2011.03.19"]
[EventType "swiss"]
[EventRounds "9"]
[EventCountry "RUS"]
[SourceTitle "EXT 2012"]
[Source "ChessBase"]
[SourceDate "2011.11.24"]
[SourceVersion "1"]
[SourceVersionDate "2011.11.24"]
[SourceQuality "1"]

1. Nf3 Nf6 2. g3 d5 3. Bg2 c5 4. 0-0 Nc6 5. c4 d4 6. e3 e5 7. exd4 exd4 8. Re1+ Be7 9. Na3 0-0 10. d3 h6 11. Bf4 Bf5 12. Nc2 Bd6 13. Qd2 Bxf4 14. gxf4 Nh5 15. a3 Qd6 16. Ne5 Nxe5 17. Rxe5 Qg6 18. Kh1 Bxd3 19. Ne1 Bxc4 20. Rc1 Ba6 21. Rcxc5 Nf6 22. Rc7 Rfe8 23. b4 Ng4 24. Ree7 Rxe7 25. Rxe7 Qd6 26. Re4 Rd8 27. Nf3 d3 28. a4 b6 29. h3 Nf6 30. Rd4 Qe7 31. Rxd8+ Qxd8 32. Ne5 Qd4 33. b5 Ne4 34. Bxe4 Qxe4+ 35. f3 Qe2 36. Qxd3 Qxd3 37. Nxd3 Bb7 38. Ne5 Kf8 39. Kg2 Ke7 40. Kf2 Bd5 41. Ke3 f6 42. Nd3 Bb3 43. Nb2 Ke6 44. Ke4 Bc2+ 45. Kd4 Bb3 46. h4 Kf5 47. Ke3 Kg6 48. Kf2 Kh5 49. Kg3 Bc2 50. Nc4 Bxa4 51. Nd6 f5 52. Nxf5 Bxb5 53. Ne7 Bd7 54. f5 Bxf5 55. Nxf5 g5 56. hxg5 Kxg5 57. Ne7 a5 58. f4+ Kh5 59. Nd5 a4 60. Kf3 a3 61. Nb4 Kg6 62. Ke4 Kf6 63. f5 h5 64. Kf4 h4 65. Nd5+ Kf7 66. Nb4 h3 67. Kg3 Kf6 68. Kxh3 Kxf5 69. Kg3 Ke5 70. Kf3 Kd6 71. Ke3 Kc5 72. Nc2 a2 73. Kd3 1/2-1/2

[Event "UrFO-ch op"]
[Site "Cheliabinsk"]
[Date "2011.03.24"]
[Round "7"]
[White "Matveev, Stanislav"]
[Black "Gorbushin, Maksim"]
[Result "0-1"]
[WhiteElo "2186"]
[BlackElo "2096"]
[PlyCount "72"]
[EventDate "2011.03.19"]
[EventType "swiss"]
[EventRounds "9"]
[EventCountry "RUS"]
[SourceTitle "EXT 2012"]
[Source "ChessBase"]
[SourceDate "2011.11.24"]
[SourceVersion "1"]
[SourceVersionDate "2011.11.24"]
[SourceQuality "1"]

1. e4 c5 2. Nc3 d6 3. f4 Nc6 4. Nf3 g6 5. Bc4 Bg7 6. 0-0 e6 7. f5 exf5 8. d3 Nge7 9. Qe1 Ne5 10. Bg5 f6 11. Nxe5 dxe5 12. Be3 b6 13. a3 a6 14. b4 cxb4 15. axb4 Qd6 16. Qf2 Rb8 17. exf5 gxf5 18. Qg3 Ng6 19. Bd2 b5 20. Bb3 Be6 21. Bxe6 Qxe6 22. Qh3 Qb6+ 23. Kh1 f4 24. Ne4 Bf8 25. Be1 Qc6 26. Ra3 Be7 27. Bd2 0-0 28. Rfa1 f5 29. Rc3 Qd5 30. Nc5 e4 31. Rxa6 Ra8 32. Rca3 Bxc5 33. bxc5 Rxa6 34. Rxa6 Ra8 35. Ra5 Rxa5 36. Bxa5 Qa2 0-1

[Event "UrFO-ch op"]
[Site "Cheliabinsk"]
[Date "2011.03.23"]
[Round "6"]
[White "Polschikov, Alexey"]
[Black "Matveev, Stanislav"]
[Result "1-0"]
[WhiteElo "2393"]
[BlackElo "2186"]
[PlyCount "95"]
[EventDate "2011.03.19"]
[EventType "swiss"]
[EventRounds "9"]
[EventCountry "RUS"]
[SourceTitle "EXT 2012"]
[Source "ChessBase"]
[SourceDate "2011.11.24"]
[SourceVersion "1"]
[SourceVersionDate "2011.11.24"]
[SourceQuality "1"]

1. e4 e5 2. Nf3 Nc6 3. Bb5 a6 4. Ba4 Nf6 5. 0-0 Be7 6. Re1 b5 7. Bb3 d6 8. c3 0-0 9. h3 Nb8 10. d4 Nbd7 11. Nbd2 Bb7 12. Bc2 Re8 13. Nf1 Bf8 14. Ng3 g6 15. d5 c6 16. dxc6 Bxc6 17. Bg5 h6 18. Bxf6 Qxf6 19. Nf1 Qd8 20. Ne3 Nf6 21. Ng4 Nh5 22. Kh2 Nf4 23. Ne3 Qd7 24. Bb3 Qa7 25. g3 Ne6 26. Bd5 Rac8 27. Bxc6 Rxc6 28. a4 Qc5 29. axb5 axb5 30. Kg2 Nc7 31. Re2 h5 32. Ne1 Qb6 33. N1c2 Rc5 34. Nb4 Qb7 35. Ned5 Nxd5 36. Nxd5 Rec8 37. f3 Be7 38. g4 h4 39. Ra3 Bd8 40. b4 Rc4 41. Qg1 Qd7 42. Qe3 Kg7 43. Rea2 Qe6 44. Ra7 R8c6 45. R2a3 Qe8 46. Rb7 Rc8 47. Raa7 R4c6 48. f4 1-0

[Event "Cheliabinsk-ch"]
[Site "Cheliabinsk"]
[Date "2011.03.06"]
[Round "9"]
[White "Matveev, Stanislav"]
[Black "Fesenko, Vitaly"]
[Result "1-0"]
[WhiteElo "2186"]
[BlackElo "2219"]
[PlyCount "41"]
[EventDate "2011.02.26"]
[EventType "swiss"]
[EventRounds "9"]
[EventCountry "RUS"]
[SourceTitle "CBM 141 Extra"]
[Source "ChessBase"]
[SourceDate "2011.05.03"]
[SourceVersion "1"]
[SourceVersionDate "2011.05.03"]
[SourceQuality "1"]

1. e4 c5 2. Nf3 e6 3. d4 cxd4 4. Nxd4 a6 5. Nc3 Qc7 6. g3 b5 7. Bg2 Bb7 8. 0-0 d6 9. Re1 Nf6 10. a4 bxa4 11. Nd5 exd5 12. exd5+ Kd8 13. Bg5 h6 14. Bxf6+ gxf6 15. Rxa4 Nd7 16. Qe2 Ne5 17. f4 Qb6 18. fxe5 dxe5 19. Kh1 Qxb2 20. Qf1 Bb4 21. Rb1 1-0

[Event "Cheliabinsk-ch"]
[Site "Cheliabinsk"]
[Date "2011.03.05"]
[Round "8"]
[White "Baigildin, Albert"]
[Black "Matveev, Stanislav"]
[Result "1/2-1/2"]
[WhiteElo "2077"]
[BlackElo "2186"]
[PlyCount "55"]
[EventDate "2011.02.26"]
[EventType "swiss"]
[EventRounds "9"]
[EventCountry "RUS"]
[SourceTitle "CBM 141 Extra"]
[Source "ChessBase"]
[SourceDate "2011.05.03"]
[SourceVersion "1"]
[SourceVersionDate "2011.05.03"]
[SourceQuality "1"]

1. e4 e5 2. Nf3 Nc6 3. Bb5 a6 4. Ba4 Nf6 5. 0-0 Be7 6. Re1 b5 7. Bb3 d6 8. a4 b4 9. c3 0-0 10. d4 Rb8 11. a5 bxc3 12. bxc3 exd4 13. cxd4 d5 14. e5 Ne4 15. Nbd2 Bf5 16. Nxe4 Bxe4 17. Be3 Bb4 18. Re2 Nxa5 19. Bc2 Rb6 20. Bxe4 dxe4 21. Ng5 Nc4 22. Nxe4 Qd5 23. Qd3 Nxe5 24. Qc2 Nc4 25. Rc1 Nxe3 26. fxe3 Re6 27. Qc4 Qxc4 28. Rxc4 1/2-1/2

[Event "Cheliabinsk Kibizov Memorial 5th"]
[Site "Cheliabinsk"]
[Date "2010.07.01"]
[Round "8"]
[White "Matveev, Stanislav"]
[Black "Kozirev, Alexander"]
[Result "0-1"]
[WhiteElo "2143"]
[BlackElo "2344"]
[PlyCount "102"]
[EventDate "2010.06.24"]
[EventType "swiss"]
[EventRounds "9"]
[EventCountry "RUS"]
[SourceTitle "EXT 2012"]
[Source "ChessBase"]
[SourceDate "2011.11.24"]
[SourceVersion "1"]
[SourceVersionDate "2011.11.24"]
[SourceQuality "1"]

1. d4 d5 2. c4 e6 3. Nf3 Nf6 4. Nc3 c6 5. Bg5 h6 6. Bh4 dxc4 7. e4 g5 8. Bg3 b5 9. Ne5 h5 10. h4 g4 11. Be2 Bb7 12. 0-0 Nbd7 13. Qc2 Nxe5 14. Bxe5 Bg7 15. Rad1 0-0 16. Bg3 Nd7 17. f3 Qb6 18. fxg4 e5 19. Rf5 exd4 20. Bf2 c5 21. Qc1 dxc3 22. Rxd7 cxb2 23. Qc2 Rad8 24. Bxc5 Rxd7 25. Bxb6 Rd2 26. Qxd2 b1Q+ 27. Rf1 Qxe4 28. Bf3 Qe6 29. Bxa7 Bxf3 30. Rxf3 hxg4 31. Rf2 Ra8 32. Bc5 c3 33. Qg5 Qe1+ 34. Rf1 Qe5 35. Rf5 Qe4 36. Rf4 Qg6 37. Qd5 Qb1+ 38. Kh2 Qxa2 39. Qg5 g3+ 40. Qxg3 Ra6 41. Rg4 Rg6 42. Rxg6 fxg6 43. Qxg6 Qf7 44. Qg5 c2 45. Ba3 Qc7+ 46. g3 Qc4 47. Bc1 b4 48. h5 Qe2+ 49. Kg1 Qe1+ 50. Kg2 Qe4+ 51. Kh2 Kh7 0-1

[Event "Cheliabinsk Kibizov Memorial 5th"]
[Site "Cheliabinsk"]
[Date "2010.06.30"]
[Round "7"]
[White "Matveev, Stanislav"]
[Black "Khazhipov, Timur"]
[Result "1-0"]
[WhiteElo "2143"]
[BlackElo "2033"]
[PlyCount "51"]
[EventDate "2010.06.24"]
[EventType "swiss"]
[EventRounds "9"]
[EventCountry "RUS"]
[SourceTitle "EXT 2012"]
[Source "ChessBase"]
[SourceDate "2011.11.24"]
[SourceVersion "1"]
[SourceVersionDate "2011.11.24"]
[SourceQuality "1"]

1. e4 c5 2. Nf3 d6 3. c3 Nf6 4. Be2 Nc6 5. d4 cxd4 6. cxd4 Nxe4 7. d5 Qa5+ 8. Nc3 Nxc3 9. bxc3 Ne5 10. 0-0 g6 11. Nxe5 dxe5 12. Rb1 Qc7 13. Ba3 a6 14. c4 Bf5 15. Rb2 Rd8 16. c5 Bg7 17. Qa4+ Bd7 18. Qb3 Bc8 19. d6 exd6 20. cxd6 Qd7 21. Rc1 Qf5 22. Bd3 Qg5 23. Rxc8 Rxc8 24. d7+ Kxd7 25. Qxf7+ Kd8 26. Rxb7 1-0

[Event "Cheliabinsk Victory Cup"]
[Site "Cheliabinsk"]
[Date "2010.05.08"]
[Round "9"]
[White "Matveev, Stanislav"]
[Black "Baisalova, Aigul"]
[Result "1/2-1/2"]
[WhiteElo "2145"]
[BlackElo "2082"]
[PlyCount "64"]
[EventDate "2010.04.30"]
[EventType "swiss"]
[EventRounds "9"]
[EventCountry "RUS"]
[SourceTitle "EXT 2011"]
[Source "ChessBase"]
[SourceDate "2010.11.26"]
[SourceVersion "1"]
[SourceVersionDate "2010.11.26"]
[SourceQuality "1"]

1. e4 c5 2. Nf3 e6 3. d4 cxd4 4. Nxd4 a6 5. Bd3 Qc7 6. 0-0 Nf6 7. Qe2 d6 8. c4 Nc6 9. Nxc6 bxc6 10. Nc3 Be7 11. f4 e5 12. Kh1 Bb7 13. c5 Nd7 14. Bc4 0-0 15. cxd6 Bxd6 16. f5 Be7 17. Be3 Nf6 18. Rac1 c5 19. Bg5 Rfd8 20. Bxf6 Bxf6 21. Bd5 Rab8 22. Bxb7 Qxb7 23. b3 Rd4 24. Nd5 Qb5 25. Qg4 Kf8 26. Qh5 Rxe4 27. Rfd1 Rh4 28. Qf3 Rd4 29. Nc3 Qd7 30. Ne4 Rd8 31. Re1 Qd5 32. h3 Be7 1/2-1/2

[Event "Cheliabinsk Region-ch"]
[Site "Cheliabinsk"]
[Date "2010.04.03"]
[Round "8"]
[White "Baraeva, Irina"]
[Black "Matveev, Stanislav"]
[Result "1-0"]
[WhiteElo "2063"]
[BlackElo "2145"]
[PlyCount "75"]
[EventDate "2010.03.27"]
[EventType "swiss"]
[EventRounds "9"]
[EventCountry "RUS"]
[SourceTitle "EXT 2012"]
[Source "ChessBase"]
[SourceDate "2011.11.24"]
[SourceVersion "1"]
[SourceVersionDate "2011.11.24"]
[SourceQuality "1"]

1. d4 Nf6 2. c4 g6 3. Nc3 Bg7 4. e4 0-0 5. Be2 d6 6. Nf3 e5 7. Be3 Ng4 8. Bg5 f6 9. Bh4 g5 10. Bg3 Nh6 11. 0-0 Nc6 12. d5 Ne7 13. Nd2 f5 14. f3 c5 15. dxc6 bxc6 16. Nb3 Be6 17. Qd2 Nf7 18. Rad1 a5 19. Na4 g4 20. Bf2 Bh6 21. Be3 Bxe3+ 22. Qxe3 f4 23. Qf2 Qe8 24. Nb6 Rb8 25. fxg4 f3 26. Bxf3 Ng5 27. Qe3 Rf4 28. Rxd6 Ng6 29. c5 Qf7 30. Nd2 Rf8 31. g3 Rxf3 32. Nxf3 Nh3+ 33. Kg2 Bxg4 34. Qb3 Be6 35. Rxe6 Ngf4+ 36. gxf4 Nxf4+ 37. Kh1 Nxe6 38. Rg1+ 1-0

[Event "Cheliabinsk Region-ch"]
[Site "Cheliabinsk"]
[Date "2010.03.30"]
[Round "4"]
[White "Eryshkanova, Anastasiya"]
[Black "Matveev, Stanislav"]
[Result "1-0"]
[WhiteElo "2144"]
[BlackElo "2145"]
[PlyCount "91"]
[EventDate "2010.03.27"]
[EventType "swiss"]
[EventRounds "9"]
[EventCountry "RUS"]
[SourceTitle "EXT 2012"]
[Source "ChessBase"]
[SourceDate "2011.11.24"]
[SourceVersion "1"]
[SourceVersionDate "2011.11.24"]
[SourceQuality "1"]

1. e4 c5 2. Nf3 e6 3. d4 cxd4 4. Nxd4 Nc6 5. Nc3 Qc7 6. Be3 a6 7. Be2 Nf6 8. 0-0 Bb4 9. Nxc6 bxc6 10. Qd4 c5 11. Qc4 Bb7 12. Bf3 h5 13. Ne2 d5 14. exd5 Nxd5 15. c3 Nb6 16. Qf4 Qxf4 17. Nxf4 Bxf3 18. cxb4 Bg4 19. bxc5 Nc4 20. Bd4 e5 21. Rfe1 f6 22. Bc3 Kd7 23. Ne2 Kc6 24. Rac1 Rhd8 25. b3 Na3 26. Bb4 Nb5 27. f3 Be6 28. Ba5 Rd7 29. Ng3 h4 30. Ne4 h3 31. g3 Bd5 32. Kf2 Nd4 33. Re3 Bxe4 34. Rxe4 Rd5 35. Bb6 a5 36. Rg4 g5 37. Re4 a4 38. b4 a3 39. Ba5 Kb5 40. Rd1 Rxa5 41. bxa5 Rxc5 42. Rd2 Kxa5 43. Re3 Kb4 44. g4 Rc1 45. Kg3 Rb1 46. Rdd3 1-0

[Event "Cheliabinsk Region-ch"]
[Site "Cheliabinsk"]
[Date "2010.03.27"]
[Round "1"]
[White "Matveev, Stanislav"]
[Black "Polosin, Evgeny"]
[Result "1-0"]
[WhiteElo "2145"]
[BlackElo "1880"]
[PlyCount "35"]
[EventDate "2010.03.27"]
[EventType "swiss"]
[EventRounds "9"]
[EventCountry "RUS"]
[SourceTitle "EXT 2012"]
[Source "ChessBase"]
[SourceDate "2011.11.24"]
[SourceVersion "1"]
[SourceVersionDate "2011.11.24"]
[SourceQuality "1"]

1. Nc3 d5 2. e4 d4 3. Nb1 e5 4. Bc4 Nf6 5. Nf3 Nxe4 6. Nxe5 Nd6 7. Bb3 Qe7 8. 0-0 Nd7 9. Nf3 Nc5 10. Re1 Be6 11. Bxe6 fxe6 12. Nxd4 0-0-0 13. b4 Nce4 14. d3 Qf6 15. dxe4 Nb5 16. e5 Qh4 17. c3 Nxd4 18. cxd4 1-0

[Event "Cheliabinsk Chess School Cup op"]
[Site "Cheliabinsk"]
[Date "2009.12.04"]
[Round "5"]
[White "Matveev, Stanislav"]
[Black "Kosov, Viacheslav"]
[Result "0-1"]
[WhiteElo "2161"]
[BlackElo "2064"]
[PlyCount "51"]
[EventDate "2009.11.30"]
[EventType "swiss"]
[EventRounds "9"]
[EventCountry "RUS"]
[SourceTitle "EXT 2012"]
[Source "ChessBase"]
[SourceDate "2011.11.24"]
[SourceVersion "1"]
[SourceVersionDate "2011.11.24"]
[SourceQuality "1"]

1. e4 c5 2. Nf3 d6 3. d4 cxd4 4. Nxd4 Nf6 5. Nc3 a6 6. Bg5 e6 7. f4 Nbd7 8. Qf3 Be7 9. 0-0-0 Qc7 10. g4 b5 11. Bxf6 Nxf6 12. g5 Nd7 13. f5 Nc5 14. f6 gxf6 15. gxf6 Bf8 16. Rg1 h5 17. Rg7 b4 18. Nd5 exd5 19. exd5 Bg4 20. Qe3+ Kd8 21. Re1 Kc8 22. h3 Bd7 23. Kb1 Bxg7 24. fxg7 Rg8 25. Qg3 Kb8 26. Re7 0-1

[Event "Cheliabinsk Chess School Cup op"]
[Site "Cheliabinsk"]
[Date "2009.12.01"]
[Round "2"]
[White "Dyatlov, Vadim"]
[Black "Matveev, Stanislav"]
[Result "1-0"]
[WhiteElo "2008"]
[BlackElo "2161"]
[PlyCount "64"]
[EventDate "2009.11.30"]
[EventType "swiss"]
[EventRounds "9"]
[EventCountry "RUS"]
[SourceTitle "EXT 2012"]
[Source "ChessBase"]
[SourceDate "2011.11.24"]
[SourceVersion "1"]
[SourceVersionDate "2011.11.24"]
[SourceQuality "1"]

1. d4 Nf6 2. c4 g6 3. Nc3 Bg7 4. e4 0-0 5. f3 d6 6. Be3 b6 7. Qd2 c5 8. d5 a6 9. Bh6 e6 10. Bxg7 Kxg7 11. dxe6 Bxe6 12. 0-0-0 b5 13. Qxd6 Qa5 14. Kb1 bxc4 15. Nh3 Ra7 16. Nf4 Rb7 17. Nxe6+ fxe6 18. Qd2 Nc6 19. Qc1 Rfb8 20. Rd2 Ne5 21. Be2 Nd3 22. Bxd3 cxd3 23. g4 Nd7 24. f4 g5 25. fxg5 Ne5 26. Nd1 Nc4 27. Rxd3 Rxb2+ 28. Nxb2 Nxb2 29. Qxb2+ Rxb2+ 30. Kxb2 Qb5+ 31. Rb3 Qe2+ 32. Ka3 Qxe4 1-0

[Event "Cheliabinsk Kibizov Memorial 4th"]
[Site "Cheliabinsk"]
[Date "2009.06.28"]
[Round "8"]
[White "Matveev, Stanislav"]
[Black "Smirnov, Boris"]
[Result "1-0"]
[WhiteElo "2163"]
[BlackElo "2184"]
[PlyCount "71"]
[EventDate "2009.06.21"]
[EventType "swiss"]
[EventRounds "9"]
[EventCountry "RUS"]
[SourceTitle "EXT 2012"]
[Source "ChessBase"]
[SourceDate "2011.11.24"]
[SourceVersion "1"]
[SourceVersionDate "2011.11.24"]
[SourceQuality "1"]

1. e4 c5 2. Nc3 e6 3. Nge2 Nc6 4. d4 cxd4 5. Nxd4 d6 6. g3 Nf6 7. Bg2 Be7 8. Nxc6 bxc6 9. e5 Nd5 10. exd6 Bxd6 11. 0-0 0-0 12. Ne4 Be7 13. c4 Nb6 14. Qc2 Qc7 15. b3 e5 16. Bb2 Be6 17. f4 exf4 18. Qc3 f6 19. gxf4 Bf5 20. Rae1 Rad8 21. Kh1 Rd7 22. Qa5 Bxe4 23. Rxe4 Rfd8 24. Qe1 c5 25. Re6 Rf8 26. Qe4 Qd8 27. Re1 f5 28. Qc6 Rf7 29. a4 Kh8 30. a5 Nc8 31. Bd5 Rc7 32. Qa8 Rf8 33. Be5 Rd7 34. Qc6 Nd6 35. Bc3 Rc7 36. Qxc7 1-0

[Event "Cheliabinsk Frolov Memorial"]
[Site "Cheliabinsk"]
[Date "2009.05.??"]
[Round "4"]
[White "Matveev, Stanislav"]
[Black "Monakhov, Yuri"]
[Result "1-0"]
[WhiteElo "2163"]
[BlackElo "2146"]
[PlyCount "52"]
[EventDate "2009.05.25"]
[EventType "swiss"]
[EventRounds "9"]
[EventCountry "RUS"]
[SourceTitle "EXT 2022"]
[Source "ChessBase"]
[SourceDate "2021.10.06"]
[SourceVersion "1"]
[SourceVersionDate "2021.10.06"]
[SourceQuality "1"]

1. c4 e5 2. Nc3 Nf6 3. Nf3 Nc6 4. g3 d5 5. cxd5 Nxd5 6. Bg2 Nb6 7. 0-0 Be7 8. d3 0-0 9. Be3 Be6 10. Na4 Nd4 11. Nxb6 axb6 12. Nxe5 Bf6 13. Nc4 b5 14. Nd2 c6 15. a3 Re8 16. Ne4 Be7 17. Rc1 b4 18. axb4 Bxb4 19. Nc3 Bb3 20. Qd2 Nb5 21. Ra1 Rxa1 22. Rxa1 h6 23. d4 Nd6 24. Qd3 Bc4 25. Qc2 Bxc3 26. bxc3 Qf6 1-0